000 00471nam a2200181Ia 4500
003 GCL
008 140319s9999 xx 000 0 eng d
040 _aGCL /
_cGCL
082 0 4 _a658.84
_bMB
100 1 _aMCCARTHY, E. JERMO
245 1 0 _aBASIC MARKETING: A GLOBAL MANERIAL APPROACH /
_cMCCARTHY, E. JERMO
260 _a[S.N] :
_bIRWIN ،
_c1993
300 _a763 P
650 0 4 _aMANAGEMENT
650 0 4 _aMARKETING
650 0 4 _aEXPORT MARKETING
942 _2ddc
_cBK
999 _c18985
_d18985